| 000 | 00925cam a2200265 a 4500 | ||
|---|---|---|---|
| 001 | 000020154 | ||
| 005 | 20240226144327.0 | ||
| 008 | 770802s1971 sp 001 e spa d | ||
| 040 |
_aDO-SdBNP _bspa _cBNPHU |
||
| 082 |
_a864.6 _bD542h, 1971 |
||
| 100 | 1 |
_aDíaz-Plaja, Guillermo, _d1909-1984 _916967 |
|
| 245 | 1 | 0 |
_aHacia un concepto de la literatura española : _bensayos elegidos 1931-1941 / _cGuillermo Díaz-Plaja. |
| 250 | _a5a ed. | ||
| 260 |
_aMadrid : _bEspasa-Calpe, _c1971. |
||
| 300 |
_a159, [16] p. ; _c18 cm. |
||
| 490 | 1 |
_aAustral. Verde: ensayos y filosofía _v297 |
|
| 500 | _aIncluye índice de autores. | ||
| 500 | _aIncluye notas al pie de las páginas. | ||
| 650 | 4 |
_aEnsayos españoles _93095 |
|
| 650 | 4 |
_aLiteratura española _9632 |
|
| 650 | 4 |
_aLiteratura española _xHistoria y crítica _93904 |
|
| 830 | 0 |
_aAustral. Verde: ensayos y filosofía ; _v297 _98733 |
|
| 910 | _aWM | ||
| 049 | _aBNGR | ||
| 999 |
_c19661 _d19661 |
||